|
|
|
|
| LEADER |
00000nab a2200000 a 4500 |
| 001 |
vtls000831525 |
| 003 |
SK-MaSNL |
| 005 |
20260304055507.0 |
| 008 |
180205c2003 xo 0 slo |
| 015 |
|
|
|a SNBRB2003/04-11316
|
| 035 |
|
|
|a CLN000183180
|
| 040 |
|
|
|a SNKBUCL
|b slo
|c SNKBUCL
|e AACR2
|
| 041 |
0 |
|
|a slo
|
| 044 |
|
|
|a xo
|c SK
|
| 080 |
|
|
|a 908.491.1
|2 UDC-MRF-SK2
|
| 100 |
1 |
|
|a Rosíková, Eva
|4 aut
|9 1192437
|
| 245 |
1 |
0 |
|a Island živia živly
|c Eva Rosíková
|
| 300 |
|
|
|b Fotogr.
|
| 651 |
|
7 |
|a Island
|2 snkbucl
|9 15682
|
| 655 |
|
7 |
|a články z novín a časopisov
|2 snkbucl
|9 267496
|
| 773 |
0 |
|
|x 1336-0973
|t Slovenka
|g Roč. 56, č. 13 (2003), s. 14-15
|
| 850 |
|
|
|a Slovenská národná knižnica v Martine
|
| 852 |
|
|
|a SNK
|b KIS3GCP
|
| 958 |
|
|
|a RBX
|
| 999 |
|
|
|c 2724721
|d 2726651
|